Internet Marketing (Record no. 43338)

MARC details
000 -LEADER
fixed length control field 00442nam a22001697a 4500
005 - DATE AND TIME OF LATEST TRANSACTION
control field 20250317140143.0
008 - FIXED-LENGTH DATA ELEMENTS--GENERAL INFORMATION
fixed length control field 250317b |||||||| |||| 00| 0 eng d
020 ## - INTERNATIONAL STANDARD BOOK NUMBER
International Standard Book Number 9781787150539
041 ## - LANGUAGE CODE
Language code of text/sound track or separate title Eng
082 ## - DEWEY DECIMAL CLASSIFICATION NUMBER
Classification number 658.8 HEN
100 ## - MAIN ENTRY--PERSONAL NAME
Author Hensen, Zack
245 ## - TITLE STATEMENT
Title Internet Marketing
260 ## - PUBLICATION, DISTRIBUTION, ETC.
Place UK
Publisher Kruger Brentt Publishers UK Ltd.
Publication Year 2024
300 ## - PHYSICAL DESCRIPTION
Extent 294;. P. 24 cm
650 ## - SUBJECT ADDED ENTRY--TOPICAL TERM
Subject General Management; Internet Marketing
942 ## - ADDED ENTRY ELEMENTS (KOHA)
Koha item type Books
Holdings
Withdrawn status Lost status Source of classification or shelving scheme Damaged status Not for loan Home library Current library Shelving location Accession Date Vendor Price Bill number Total Checkouts Full call number Barcode No Date due Date last seen Date last checked out Discount Bill Date Koha item type Suggested By
    Dewey Decimal Classification     IMTN IMTN Rack 35-A 03/17/2025 Raghav Books Private Limited 9905.70 2374 1 658.8 HEN 33629 01/24/2026 01/14/2026 01/14/2026 33 02/14/2025 Books Dr. Ajitabh Dash
Designed & Maintained by: LRC IMT Nagpur Contact: lrc@imtnag.ac.in© 2024. All Rights Reserved.